[Event "7th Americas Continental 2012"]
[Site "Mar del Plata ARG"]
[Date "2012.10.19"]
[Round "9.61"]
[White "Andrade,Rob"]
[Black "Bianchi,Augusto"]
[Result "1/2-1/2"]
[WhiteElo "2187"]
[BlackElo "1903"]

1.e4 d6 2.d4 Nf6 3.Nc3 c6 4.f4 Qb6 5.Be2 Nbd7 6.e5 Nd5 7.Ne4 f5 8.Ng5 g6
9.N1f3 Bh6 10.a3 a5 11.Bc4 Bxg5 12.Nxg5 h6 13.Nf3 dxe5 14.fxe5 e6 15.O-O g5
16.Kh1 g4 17.Nh4 Qd8 18.Qe1 N7b6 19.Ba2 Ne7 20.c3 Qd7 21.Bd2 Ng8 22.Rd1 Qg7
23.c4 Ne7 24.Bxa5 Ra6 25.Bb4 Ng6 26.Nxg6 Qxg6 27.Qh4 Qg5 28.Qxg5 hxg5 29.g3 Nd7
30.Bb1 b6 31.d5 cxd5 32.cxd5 Bb7 33.Ba2 Rh3 34.Bd6 Nc5 35.Bc4 Ne4 36.Bxa6 Bxa6
37.Kg1 Be2 38.dxe6 Bf3 39.Rc1 Nc5 40.b4 Nxe6 41.a4  1/2-1/2

[Event "Spice Cup Open"]
[Site "Saint Louis USA"]
[Date "2012.10.19"]
[Round "8"]
[White "Ostrovskiy,Al"]
[Black "Mogranzini,R"]
[Result "1/2-1/2"]
[WhiteElo "2377"]
[BlackElo "2492"]

1.e4 d6 2.d4 Nf6 3.Nc3 e5 4.dxe5 dxe5 5.Qxd8+ Kxd8 6.Bc4 Bb4 7.Bd2 Ke7 8.f3 c6
9.O-O-O Nbd7 10.Nge2 Nb6 11.Bb3 a5 12.a3 Bc5 13.a4 h6 14.Kb1 Be6 15.Bxe6 Kxe6
16.b3 Nbd7  1/2-1/2

[Event "16th Unive Open"]
[Site "Hoogeveen NED"]
[Date "2012.10.20"]
[Round "2"]
[White "Haver,Daan"]
[Black "Kasparova,T"]
[Result "0-1"]
[WhiteElo "1985"]
[BlackElo "2126"]

1.e4 d6 2.d4 Nf6 3.Nc3 e5 4.Nf3 Nbd7 5.Bc4 Be7 6.O-O O-O 7.Re1 c6 8.Bg5 b5
9.Bd3 a6 10.b4 Bb7 11.Qd2 Re8 12.Ne2 h6 13.Bxf6 Bxf6 14.c3 Kh7 15.a4 g6 16.a5 exd4
17.cxd4 c5 18.Qf4 Qe7 19.bxc5 dxc5 20.e5 Bg7 21.e6 Qxe6 22.Ng3 Qf6 23.Qc7 Bxf3
24.gxf3 Qxd4 25.Red1 Qf6 26.Qxd7 Rad8 27.Qb7 Rxd3 28.Rxd3 Qxa1+ 29.Kg2 Qxa5
30.Qxf7 Rf8 31.Qe7 Qa1 32.Rd7 Qf6 33.Qe4 Rf7 34.Rd5 c4 35.Nh5 Qe7 36.Nxg7 Qxe4
37.fxe4 Kxg7 38.Rd6 Rc7 39.e5 Kf7 40.Rf6+ Kg7 41.Rd6 c3 42.e6 Kf8  0-1

[Event "TCh-SUI National A 2012"]
[Site "Switzerland SUI"]
[Date "2012.10.20"]
[Round "8.4"]
[White "Bex,P"]
[Black "Borgo,G"]
[Result "0-1"]
[WhiteElo "2225"]
[BlackElo "2397"]

1.e4 d6 2.d4 Nf6 3.Nc3 Nbd7 4.Nf3 e5 5.Bc4 Be7 6.a4 O-O 7.O-O a5 8.Re1 c6
9.Qd3 h6 10.Ba2 Nh7 11.Be3 Ng5 12.Nh4 Nh3+ 13.gxh3 Bxh4 14.Kh1 Qf6 15.f4 Bxe1
16.Rxe1 Qh4 17.Rg1 exf4 18.Bd2 Nf6 19.e5 Nh5 20.Be1 Qxh3 21.exd6 Qxd3 22.cxd3 Bf5
23.Bh4 g5 24.Bxg5 hxg5 25.Rxg5+ Ng7 26.Ne4 Bxe4+ 27.dxe4 Kh7 28.e5 Kh6  0-1

[Event "TCh-AUT 2 Mitte 2012-13"]
[Site "Bad Schallerbach AUT"]
[Date "2012.10.21"]
[Round "3.6"]
[White "Teuschler,H"]
[Black "Hatzl,S"]
[Result "1-0"]
[WhiteElo "2031"]
[BlackElo "2183"]

1.e4 d6 2.d4 Nf6 3.Nc3 e5 4.Nf3 Nbd7 5.Bc4 Be7 6.O-O O-O 7.Re1 c6 8.a4 b6
9.b3 a6 10.Bf1 Re8 11.h3 Bf8 12.dxe5 dxe5 13.Re3 Qc7 14.Bb2 Bb7 15.Nh4 Nc5
16.Qf3 Ne6 17.Bd3 Bc5 18.Ree1 Nd4 19.Qg3 Nh5 20.Qg5 Nf4 21.Ne2 Nxd3 22.cxd3 Nc2
23.Rec1 Nxa1 24.Bxa1 f6 25.Qg3 Qf7 26.Rc4 a5 27.Nf5 Qg6 28.Qf3 Rad8 29.Nc1 Ba6
30.Rc2 Bc8 31.g4 Qg5 32.Bb2 h5 33.Ne2 hxg4 34.hxg4 g6 35.Bc1 Rxd3 36.Qxd3 Qxg4+
37.Nfg3 f5 38.exf5 gxf5 39.Qc4+ Qxc4 40.Rxc4 f4 41.Ne4 Ba6 42.Nf6+ Kf7 43.Nxe8 Bxc4
44.bxc4 Kxe8 45.Bb2 Bd6 46.f3 Kd7 47.Nc3 Bc5+ 48.Kf1 Bd4 49.Ke2 Ke6 50.Kd3 Kf5
51.Ba1 Ke6 52.Bb2 Kf5 53.Nd1 Bc5 54.Bc1 Bd4 55.Ba3 Bg1 56.Nc3 Bd4 57.Ne4 Be3
58.Nd6+ Ke6 59.Ke4 Bd2 60.Nf5 Bc3 61.Nh6 Bd4 62.Ng4 Bc3 63.Nf2 Bb4 64.Bb2 b5
65.cxb5 cxb5 66.axb5 a4 67.Bxe5 a3 68.Nd3 Ba5 69.Nxf4+ Kd7 70.Nd3 Kc8 71.Nc1 Kb7
72.Kd5 Kb6 73.Kc4 Bd2 74.Na2 Bh6 75.Bd6  1-0

[Event "TCh-BEL 2012-13"]
[Site "Belgium BEL"]
[Date "2012.10.21"]
[Round "3.2"]
[White "Hamblok,R"]
[Black "Feygin,M"]
[Result "0-1"]
[WhiteElo "2229"]
[BlackElo "2538"]

1.e4 d6 2.d4 Nf6 3.Nc3 c6 4.f4 Qa5 5.Bd3 e5 6.Nf3 Bg4 7.Be3 exd4 8.Bxd4 Qb4
9.a3 Qxd4 10.Nxd4 Bxd1 11.Rxd1 Nbd7 12.O-O O-O-O 13.Nf3 Be7 14.Ng5 Rhf8 15.Bc4 d5
16.exd5 Bc5+ 17.Kh1 Nb6 18.Ba2 cxd5 19.b4 Be3 20.Rd3 Rde8 21.g3 Ng4 22.Kg2 d4
23.Nb5 Kb8 24.h3 Ne5 25.Rxe3 dxe3 26.fxe5 Rxe5 27.Nxh7 Rh8 28.Nd6 e2 29.Re1 Rxh7
30.Nxf7 Re7 31.h4 Na4 32.Bc4 Nc3 33.Ng5 Rh6 34.Nf3 Rf6 35.g4 Rf4 36.Bd3 Rxg4+
37.Kf2 Nd1+  0-1

[Event "16th Unive Open"]
[Site "Hoogeveen NED"]
[Date "2012.10.21"]
[Round "3"]
[White "Van Kampen,R"]
[Black "Hopman,P"]
[Result "1/2-1/2"]
[WhiteElo "2570"]
[BlackElo "2344"]

1.e4 d6 2.d4 Nf6 3.Nc3 e5 4.Nf3 Nbd7 5.g4 g6 6.g5 Nh5 7.Be3 c6 8.Qd2 Bg7
9.O-O-O O-O 10.dxe5 dxe5 11.Bc4 Qe7 12.Qd6 Qxd6 13.Rxd6 Re8 14.Rhd1 Nb6 15.Be2 Be6  1/2-1/2

[Event "Danilo Batricevic Mem Balkan GP"]
[Site "Cetinje MNE"]
[Date "2012.10.22"]
[Round "4.15"]
[White "Draskovic,L"]
[Black "Scekic,V"]
[Result "1/2-1/2"]
[WhiteElo "2330"]
[BlackElo "2189"]

1.e4 d6 2.d4 Nf6 3.Nc3 c6 4.Be3 g6 5.Nf3 Bg7 6.h3 O-O 7.Bd3 e5 8.dxe5 dxe5
9.O-O Qc7 10.a4 Rd8 11.Qe2 Nbd7 12.Bc4 h6 13.Rfd1 Re8 14.Qd2 h5 15.Ng5 Rf8
16.Qd6 Qxd6 17.Rxd6 Bh6 18.Nxf7 Bxe3 19.Ng5+ Kh8 20.fxe3 Nc5 21.Rf1 Kg7 22.b4 Na6
23.Bxa6 bxa6 24.Rxc6 Rb8 25.Rc7+ Kg8 26.Nd5  1/2-1/2

[Event "Casino Barcelona Masters"]
[Site "Barcelona ESP"]
[Date "2012.10.23"]
[Round "1.5"]
[White "Quesada Perez,Yu"]
[Black "Alonso Rosell,A"]
[Result "1/2-1/2"]
[WhiteElo "2604"]
[BlackElo "2540"]

1.e4 d6 2.d4 Nf6 3.Nc3 e5 4.Nf3 Nbd7 5.Bc4 Be7 6.O-O O-O 7.a4 a5 8.Re1 c6
9.h3 Nb6 10.Ba2 Nfd7 11.Be3 exd4 12.Bxd4 Nc5 13.Bxc5 dxc5 14.Qe2 Qd6 15.Rad1 Qh6
16.Nd2 Be6 17.Nc4 Nxc4 18.Bxc4 Rad8 19.Bxe6 Qxe6 20.Qe3 Rxd1 21.Rxd1 Bf6
22.Qxc5 Bxc3 23.Qxc3 Qxe4 24.Rd4 Qe5 25.Qe3 Qxe3 26.fxe3 Rb8 27.Rd7 Kf8 28.b3 b5
29.axb5 Rxb5 30.Ra7 Rd5 31.Ra6 Rc5 32.c4 Ke7 33.Ra7+ Ke6 34.Kf2 h5 35.h4 g5
36.hxg5 Rf5+ 37.Ke2 Rxg5 38.Kf3 Rf5+ 39.Ke4 Rg5 40.Kf3 Rf5+ 41.Ke4 Rg5 42.Rc7 Rg4+
43.Kf3 a4 44.Rxc6+ Kd7 45.Rb6 axb3 46.e4 f5 47.exf5 Rxc4 48.Rxb3 Ke7 49.Rb6 h4
50.Rg6 Kf7 51.Rg4 Rc3+ 52.Kf4 h3 53.gxh3 Rxh3 54.Ke5  1/2-1/2

[Event "Danilo Batricevic Mem Balkan GP"]
[Site "Cetinje MNE"]
[Date "2012.10.23"]
[Round "5.11"]
[White "Veleski,R"]
[Black "Galic,I2"]
[Result "1/2-1/2"]
[WhiteElo "2308"]
[BlackElo "2354"]

1.e4 d6 2.d4 Nf6 3.Nc3 e5 4.Nf3 Nbd7 5.Bc4 Be7 6.O-O O-O 7.Re1 c6 8.a4 h6
9.h3 Re8 10.Qd3 Qc7 11.Ba2 Nf8 12.Be3 Ng6 13.d5 c5  1/2-1/2

[Event "38th Guernsey Open"]
[Site "Guernsey GCI"]
[Date "2012.10.23"]
[Round "3"]
[White "Kearsley,R"]
[Black "Hermes,Geoff R"]
[Result "0-1"]
[WhiteElo "1789"]
[BlackElo "1979"]

1.e4 d6 2.d4 Nf6 3.Nc3 c6 4.Nf3 Bg4 5.h3 Bh5 6.Be3 e6 7.Be2 Be7 8.Qd2 d5
9.exd5 exd5 10.Ne5 Bxe2 11.Nxe2 Ne4 12.Qd3 O-O 13.O-O-O Nd7 14.f3 Nxe5 15.dxe5 Nc5
16.Bxc5 Bxc5 17.Kb1 Qg5 18.f4 Qxg2 19.Nd4 Bxd4 20.Qxd4 g6 21.Rde1 c5 22.Qxc5 Rfc8
23.Qd4 Qxc2+ 24.Ka1 Qc4 25.Qd2 Rc6 26.Rc1 Qe4 27.Rhe1 Rxc1+ 28.Rxc1 d4 29.Rd1 Rc8
30.a3 Rd8 31.Re1 Qf5 32.Qa5 Rc8 33.Qxa7 Qxf4 34.Qxb7 Rc1+ 35.Ka2  0-1

[Event "38th Guernsey Open"]
[Site "Guernsey GCI"]
[Date "2012.10.23"]
[Round "3"]
[White "Lenier,J"]
[Black "Rowe,P"]
[Result "1-0"]
[WhiteElo "2046"]
[BlackElo "1986"]

1.e4 d6 2.d4 Nf6 3.Nc3 Nbd7 4.Nf3 e5 5.Bc4 Be7 6.O-O O-O 7.Re1 c6 8.a4 a5
9.h3 exd4 10.Nxd4 Nc5 11.Bf4 Be6 12.Nxe6 fxe6 13.e5 d5 14.exf6 Bxf6 15.Be3 d4
16.Qg4 dxe3 17.Rxe3 Kh8 18.Rd1 Qb6 19.Ne4 Rae8 20.Nd6 Rd8 21.Bxe6 Nxe6 22.Qxe6 Qc7
23.Nf7+ Rxf7 24.Rxd8+ Qxd8 25.Qxf7 Qd1+ 26.Kh2 Qd6+ 27.g3 h6 28.Qg6  1-0

[Event "16th Unive Open"]
[Site "Hoogeveen NED"]
[Date "2012.10.23"]
[Round "5"]
[White "Nijboer,F"]
[Black "Hopman,P"]
[Result "1-0"]
[WhiteElo "2525"]
[BlackElo "2344"]

1.e4 d6 2.d4 Nf6 3.Nc3 e5 4.Nf3 Nbd7 5.Bc4 Be7 6.O-O O-O 7.a4 c6 8.Ba2 a5
9.Qe2 Qc7 10.Rd1 Nb6 11.h3 Nfd7 12.Be3 exd4 13.Bxd4 Nc5 14.Bxc5 dxc5 15.Rd2 Bd7
16.e5 Be6 17.Bxe6 fxe6 18.Ne4 h6 19.Nd6 Nd5 20.c4 Nf4 21.Qe4 Qb6 22.h4 Bxd6
23.exd6 Qb4 24.Rad1 Rf6 25.Ne5 Rd8 26.g3 Nd5 27.Ng4 Rxd6 28.Qe5  1-0

[Event "16th Unive Open"]
[Site "Hoogeveen NED"]
[Date "2012.10.23"]
[Round "5"]
[White "Lee,Ka"]
[Black "Lorscheid,G"]
[Result "1-0"]
[WhiteElo "2143"]
[BlackElo "2267"]

1.e4 d6 2.d4 Nf6 3.Nc3 e5 4.Nf3 Nbd7 5.Bc4 Be7 6.O-O O-O 7.a4 c6 8.Re1 b6
9.b3 a6 10.Bd3 Bb7 11.Bb2 b5 12.Ne2 d5 13.dxe5 dxe4 14.exf6 Bxf6 15.Bxe4 Bxb2
16.axb5 axb5 17.Rxa8 Bxa8 18.c3 Nf6 19.Bd3 b4 20.cxb4 Qb6 21.Ng3 Bc3 22.Re2 Bxb4
23.Ne5 Qd8 24.Qc2 Qd4 25.h3 Bd6 26.Nf3 Qa1+ 27.Re1 Qa5 28.Nf5 c5 29.Nxd6 Bxf3
30.Rc1 Bd5 31.Bc4 Qa8 32.Bxd5 Qxd5 33.Nf5 Qe6 34.Qxc5 g6 35.Nd4 Qe4 36.Nc6 Re8
37.b4 Nd5 38.Qc4 Qf5 39.Nd4 Qg5 40.Nf3 Qf5 41.Qc5 Qd3 42.b5 Rb8 43.Nd4 Qd2
44.Rc2 Qe1+ 45.Kh2 Qe5+ 46.g3 Qh5 47.Nc6 Re8 48.Rd2  1-0

[Event "16th Unive Open"]
[Site "Hoogeveen NED"]
[Date "2012.10.24"]
[Round "6"]
[White "Kolodkin,Daniil"]
[Black "Stavast,D"]
[Result "0-1"]
[WhiteElo "1943"]
[BlackElo "2125"]

1.e4 d6 2.d4 Nf6 3.Nc3 Nbd7 4.Nf3 e5 5.Bc4 Be7 6.O-O c6 7.a4 h6 8.Re1 Qc7
9.Qe2 Nf8 10.h3 g5 11.b4 Ng6 12.b5 g4 13.hxg4 Bxg4 14.bxc6 bxc6 15.d5 Nh4
16.dxc6 Rg8 17.Bxf7+ Kxf7 18.Qc4+ Be6  0-1

[Event "US Chess League 2012"]
[Site "ICC INT"]
[Date "2012.10.24"]
[Round "8"]
[White "Rosenthal,Nicholas"]
[Black "Atoufi,P"]
[Result "0-1"]
[WhiteElo "2016"]
[BlackElo "2269"]

1.e4 d6 2.d4 Nf6 3.Nc3 c6 4.Nf3 Bg4 5.Bc4 e6 6.O-O Be7 7.Re1 O-O 8.Bg5 d5
9.exd5 cxd5 10.Be2 Bxf3 11.Bxf3 Nc6 12.Ne2 Ne8 13.Bxe7 Nxe7 14.c3 Nd6 15.Nf4 a5
16.Bg4 Ng6 17.Nxg6 hxg6 18.Rb1 a4 19.Qf3 f5 20.Rxe6 Ne4 21.Rxg6 fxg4 22.Qxg4 Rf7
23.f3 Nf6 24.Qg3 Qc7 25.Qg5 a3 26.h4 axb2 27.Rxb2 Qxc3 28.Rd2 Nh7 29.Qh6 Kh8
30.Qh5 Qxd2 31.Qxd5 Qe1+ 32.Kh2 Qxh4+ 33.Kg1 Qe1+ 34.Kh2 Re7 35.Rg3 Ra5 36.Qd8+ Re8
37.Qh4 Ra6 38.Qg4 Rh6+ 39.Rh3 Rxh3+ 40.Kxh3 Re6 41.g3 Qh1+  0-1

[Event "4th Marcel Duchamp Open"]
[Site "Buenos Aires ARG"]
[Date "2012.10.25"]
[Round "4.10"]
[White "Gimenez,Martin"]
[Black "Tokman,A"]
[Result "0-1"]
[WhiteElo "2037"]
[BlackElo "2283"]

1.e4 d6 2.d4 Nf6 3.Nc3 Nbd7 4.Nf3 e5 5.Bc4 Be7 6.h3 O-O 7.Be3 Nb6 8.Bb3 exd4
9.Qxd4 Nfd7 10.O-O-O Bf6 11.Qd2 Re8 12.Nd5 Nxd5 13.Qxd5 Qe7 14.Ng5 Rf8 15.h4 Qe5
16.c3 Qxd5 17.Rxd5 Nb6 18.Rd2 h6 19.Nf3 Re8 20.Bxb6 axb6 21.Re1 Bg4 22.Nh2 Be6
23.Bxe6 Rxe6 24.a3 Bxh4 25.Nf3 Bf6 26.e5 Rae8 27.exf6 Rxe1+ 28.Nxe1 Rxe1+
29.Kc2 g5  0-1

[Event "4th Marcel Duchamp Open"]
[Site "Buenos Aires ARG"]
[Date "2012.10.25"]
[Round "4.2"]
[White "Madina Yadarola,M1"]
[Black "Herman,D"]
[Result "1/2-1/2"]
[WhiteElo "2239"]
[BlackElo "2192"]

1.e4 d6 2.d4 Nf6 3.Nc3 c6 4.f4 Na6 5.Nf3 Qa5 6.Bd2 Bg4 7.Nd5 Qd8 8.Ne3 Bxf3
9.Qxf3 Qb6 10.Bc3 e6 11.Nc4 Qc7 12.Nd2 d5 13.e5 Nd7 14.f5 exf5 15.Qxf5 Nb6
16.a4 Nb4 17.a5 Qd7 18.Qxd7+ Nxd7 19.Kd1 Na6 20.Bd3 Nc7 21.Nf3 Be7 22.Bd2 h6
23.b4 Nf8 24.c3 Nfe6 25.Kc2 O-O 26.Rae1 b6 27.axb6 axb6 28.Ra1 Rfc8 29.Kb2 Rcb8
30.Rxa8 Rxa8 31.Ra1 Rxa1 32.Kxa1 b5 33.Kb2 Na8 34.Be3 Nb6 35.Nd2 Kf8 36.Kc2 Ke8
37.Nb3 Kd7 38.Nc5+ Bxc5 39.bxc5 Nc4 40.Bc1 Ke7 41.Kb3 Kd7 42.Kb4 Kc7 43.Bf5 Kd8
44.h4 Ke7 45.Bd3  1/2-1/2

[Event "Danilo Batricevic Mem Balkan GP"]
[Site "Cetinje MNE"]
[Date "2012.10.25"]
[Round "7.13"]
[White "Batricevic,J"]
[Black "Galic,I2"]
[Result "1/2-1/2"]
[WhiteElo "2158"]
[BlackElo "2354"]

1.d4 d6 2.Nc3 Nf6 3.e4 e5 4.Nf3 Nbd7 5.Bc4 Be7 6.a4 O-O 7.h3 c6 8.Qd3 exd4
9.Qxd4 d5 10.exd5 Nb6 11.Bd3 Nbxd5 12.Bg5 Nb4 13.O-O-O Nxd3+ 14.Rxd3 Bf5
15.Qxd8 Raxd8 16.Rxd8 Rxd8 17.Re1 Kf8 18.g4 Be6 19.Be3 a6 20.Ng5 Bc8 21.f3 h6
22.Nge4 Nxe4 23.Nxe4 f5 24.Ng3 Bh4 25.Rg1 Kf7 26.Ne2 Re8 27.Kd2 Bf6 28.c3 Be6
29.Nd4 Rd8 30.Kc2 fxg4 31.Nxe6  1/2-1/2

[Event "38th Guernsey Open"]
[Site "Guernsey GCI"]
[Date "2012.10.25"]
[Round "5"]
[White "Fassaert,D"]
[Black "Heppell,I"]
[Result "0-1"]
[WhiteElo "1939"]
[BlackElo "2118"]

1.d4 d6 2.e4 Nf6 3.Nc3 Nbd7 4.Nf3 e5 5.Bc4 Be7 6.O-O O-O 7.Re1 c6 8.a4 Qc7
9.b3 Nb6 10.Bf1 Bg4 11.Be2 Rad8 12.Ng5 Bxe2 13.Rxe2 d5 14.exd5 exd4 15.Qxd4 Nfxd5
16.Nxd5 Rxd5  0-1

[Event "38th Guernsey Open"]
[Site "Guernsey GCI"]
[Date "2012.10.25"]
[Round "5"]
[White "Nebel,U"]
[Black "Hermes,Geoff R"]
[Result "1/2-1/2"]
[WhiteElo "2015"]
[BlackElo "1979"]

1.e4 d6 2.d4 Nf6 3.Nc3 c6 4.f4 Qa5 5.Bd3 e5 6.Nf3 exd4 7.Nxd4 g6 8.Nf3 Bg7
9.O-O O-O 10.Qe1 Nbd7 11.Kh1 Re8 12.Bd2 Qc7 13.Qh4 b5 14.e5 dxe5 15.fxe5 Nxe5
16.Nxe5 Qxe5 17.Bg5 Bf5 18.Rae1 Qd6 19.Rd1 Nd5 20.Bxf5 gxf5 21.Rxf5 Qg6 22.Rdf1 Nxc3
23.bxc3 Re6 24.Qf2 Rae8 25.Qxa7 Qxf5 26.Rxf5 Re1+ 27.Qg1 Rxg1+ 28.Kxg1 Bxc3
29.Bf6 Bxf6 30.Rxf6 Re6 31.Rf5 Kg7 32.Kf2 Kg6 33.Rc5 h6 34.a3 Kf6 35.c4 bxc4
36.Rxc4 Ke5 37.Rc5+ Kd4 38.Ra5 c5 39.Ra7 Rf6+ 40.Ke2 Kc3 41.Rb7 c4 42.a4 Kc2
43.a5 Ra6 44.Rb6 Rxa5 45.Rxh6 c3 46.Rf6 Re5+ 47.Kf3 Kd2 48.Rxf7 Re3+ 49.Kf2 c2
50.Rc7 Re2+ 51.Kf3 Kd1 52.Rxc2 Rxc2 53.h4 Rc3+ 54.Kf4 Rc4+ 55.Kg5 Ke2 56.h5 Ke3
57.h6 Rc5+ 58.Kg6 Kf4 59.h7 Rc8  1/2-1/2

[Event "16th Unive Open"]
[Site "Hoogeveen NED"]
[Date "2012.10.25"]
[Round "7"]
[White "Nijboer,F"]
[Black "Valdes,Le"]
[Result "1-0"]
[WhiteElo "2525"]
[BlackElo "2414"]

1.e4 d6 2.d4 Nf6 3.Nc3 e5 4.Nf3 Nbd7 5.Bc4 Be7 6.O-O O-O 7.a4 c6 8.Ba2 a5
9.Qe2 exd4 10.Nxd4 Nc5 11.f3 Qb6 12.Qf2 Re8 13.Rd1 Qc7 14.Bf4 Ne6 15.Bg3 Nf8
16.Qd2 Nh5 17.Bf2 Ng6 18.Nce2 Qd8 19.c4 Bg5 20.Qc2 Qe7 21.Ng3 Nxg3 22.hxg3 Bf6
23.Rd2 h5 24.Rad1 Bg5 25.f4 Bf6 26.c5 dxc5 27.Nf3 Bd4 28.Bxd4 cxd4 29.Rxd4 Bg4
30.Ng5 Bxd1 31.Qxd1 Qc5 32.Bxf7+ Kf8 33.Bxe8 Rxe8 34.Kh2 h4 35.Qb3 hxg3+
36.Kxg3 Ne5 37.fxe5 Qxe5+ 38.Kg4  1-0

[Event "Casino Barcelona Masters"]
[Site "Barcelona ESP"]
[Date "2012.10.26"]
[Round "4.2"]
[White "Aroshidze,L"]
[Black "Alonso Rosell,A"]
[Result "1/2-1/2"]
[WhiteElo "2560"]
[BlackElo "2540"]

1.e4 d6 2.d4 Nf6 3.Nc3 e5 4.Nf3 Nbd7 5.Bc4 Be7 6.O-O O-O 7.Re1 c6 8.a4 a5
9.h3 Nb6 10.Bf1 exd4 11.Nxd4 d5 12.e5 Ne8 13.Qf3 g6 14.Bh6 Ng7 15.Rad1 Bg5
16.Bxg5 Qxg5 17.Qe2 Re8 18.Nf3 Qe7 19.Qd2 Nd7 20.Bd3 Nc5 21.Qh6 Nge6 22.b3 Bd7
23.Ne2 f6 24.Ng3 Rf8 25.exf6 Rxf6 26.Ne5 Qg7 27.Qd2 Nxd3 28.Qxd3 Nf4 29.Qd4 Bxh3
30.gxh3 Nxh3+ 31.Kg2 Nf4+ 32.Kg1 Nh3+ 33.Kg2 Nf4+ 34.Kg1 Nh3+ 35.Kg2 Rxf2+
36.Kxh3 Qh6+ 37.Qh4 Rh2+ 38.Kxh2 Qxh4+ 39.Kg2 Rf8 40.Rf1 Rxf1 41.Rxf1 Qd4
42.Re1 Qc3 43.Re2 b5 44.Kh3 bxa4 45.bxa4 c5 46.Nc6 Kg7 47.Nd8 h5 48.Re7+ Kg8
49.Re8+ Kg7 50.Re7+ Kf6 51.Re6+ Kg5 52.Nf7+ Kf4 53.Rxg6 Qxc2 54.Rf6+ Ke3
55.Nf1+ Kd4 56.Rf4+ Kc3 57.Nd6 Qd3+ 58.Ng3 c4 59.Nb5+ Kb4 60.Rd4 Qf3 61.Nc7 h4
62.Rxh4 Kb3 63.Ne6 Kxa4 64.Nd4 Qd3 65.Kg2 Ka3 66.Nge2 Kb2 67.Rh6 Qd2 68.Rb6+ Ka2
69.Rb5 Qg5+  1/2-1/2

[Event "Trophee Karpov Preliminary 2012"]
[Site "Cap d'Agde FRA"]
[Date "2012.10.26"]
[Round "2"]
[White "Sebag,M"]
[Black "Milliet,S"]
[Result "1-0"]
[WhiteElo "2521"]
[BlackElo "2421"]

1.e4 d6 2.d4 Nf6 3.Nc3 e5 4.Nf3 Nbd7 5.Bc4 Be7 6.O-O O-O 7.Re1 a6 8.a4 b6
9.Ne2 Bb7 10.Ng3 exd4 11.Nxd4 Re8 12.Bf4 Bf8 13.Qf3 Ne5 14.Bxe5 Rxe5 15.Qf4 Re8
16.Bb3 c5 17.Nf3 b5 18.c3 c4 19.Bc2 g6 20.Nd4 Re5 21.Red1 Nd7 22.b3 Qf6 23.Qxf6 Nxf6
24.f4 Ree8 25.axb5 axb5 26.Rxa8 Rxa8 27.Nxb5 cxb3 28.Bxb3 Nxe4 29.Nxe4 Bxe4
30.Nxd6 Bxd6 31.Rxd6 Rb8 32.Bd5 Bxd5 33.Rxd5 Rb2 34.c4 Rc2 35.c5 Kf8 36.Re5 f6
37.Rd5 Ke7 38.f5 gxf5 39.Rxf5 Ke6 40.Rh5 f5 41.Rh6+ Kd5 42.Rxh7 Rxc5 43.Re7 Rc2
44.Kf1 Kd4 45.Re2 Rc3 46.Kf2 f4 47.Re8 Ra3 48.h4 Rb3 49.h5 Rb5 50.Kf3 Rxh5
51.Kxf4 Kd5 52.g4 Rh1 53.Kf5 Rf1+ 54.Kg6 Kd6 55.g5 Kd7 56.Re2 Rg1 57.Kf6 Rf1+
58.Kg7 Rg1 59.g6 Rg3 60.Kf7 Rf3+ 61.Kg8 Rg3 62.g7 Rg1 63.Re4 Kd6 64.Kf7 Kd5
65.Re8 Rf1+ 66.Ke7  1-0

[Event "Chigorin Mem Rapid"]
[Site "St Petersburg RUS"]
[Date "2012.10.26"]
[Round "7.5"]
[White "Hovhannisyan,R"]
[Black "Vorobiov,E"]
[Result "1-0"]
[WhiteElo "2610"]
[BlackElo "2598"]

1.e4 d6 2.d4 Nf6 3.Nc3 e5 4.Nf3 Nbd7 5.Bc4 Be7 6.O-O O-O 7.a4 c6 8.Re1 a5
9.h3 h6 10.Be3 Re8 11.Qe2 Qc7 12.Ba2 Nf8 13.Rad1 Ng6 14.Qc4 Bd8 15.d5 Ra6
16.dxc6 bxc6 17.Rd2 Ra8 18.Qd3 Be7 19.Qc4 Bd8 20.Red1 Be6 21.Qd3 Bxa2 22.Nxa2 d5
23.exd5 cxd5 24.Qf1 d4 25.Nxd4 exd4 26.Bxd4 Qc6 27.Nc3 Be7 28.Qb5 Rec8 29.Bxf6 Qxb5
30.axb5 Bxf6 31.Nd5 Rab8 32.b6 Kf8 33.b3 Bd8 34.Ra1 Bxb6 35.Nxb6 Rxb6 36.Rxa5 Rb7
37.g3 Ne7 38.h4 g6 39.h5 g5 40.Kg2 Kg7 41.Re5 Ng8 42.f4 gxf4 43.gxf4 Rc3
44.Kf1 Rf3+ 45.Rf2 Rg3 46.Rg2 Rxg2 47.Kxg2 Nf6 48.Kf3 Rb4 49.Rc5 Nd7 50.Rd5 Nf8
51.f5 Nh7 52.Ke3 Nf6 53.Rd4 Rb5 54.b4 Nxh5 55.Kd3 Nf6 56.Kc4 Rxf5 57.b5 Rf1
58.b6 Rb1 59.Kc5 h5 60.Kc6 Kf8 61.b7 Ke7 62.c4 Ne8 63.c5 Ng7 64.Rd7+ Ke8
65.Rd1 Rb2 66.Rg1 Kf8 67.Rg2 Rb1 68.Rg1 Rb4 69.Ra1 Ne6 70.Ra8+ Kg7 71.b8=Q Rxb8
72.Rxb8 Kg6 73.Kd6 h4 74.c6 Kg5 75.Ke5 h3 76.Ke4 Kh4 77.Kf3 Nd4+ 78.Kf4 Ne6+
79.Ke3 h2 80.Kf2 Kg4 81.Kg2 Kf4 82.Rb7 Nd8 83.c7  1-0

[Event "Vizag GM Open 2012"]
[Site "Visakhapatnam IND"]
[Date "2012.10.26"]
[Round "1.5"]
[White "Vovk,A"]
[Black "Singh,Sor"]
[Result "1-0"]
[WhiteElo "2564"]
[BlackElo "1928"]

1.e4 d6 2.d4 Nf6 3.Nc3 e5 4.Nf3 Nbd7 5.Bc4 Be7 6.O-O O-O 7.Re1 a6 8.a4 h6
9.a5 Re8 10.h3 exd4 11.Nxd4 Ne5 12.Ba2 c5 13.Nf5 Bf8 14.Bf4 Be6 15.Bxe5 dxe5
16.Ne3 Qxd1 17.Rexd1 Bxa2 18.Rxa2 Red8 19.Ned5 Nxd5 20.Nxd5 c4 21.Ra4 Rac8
22.Kf1 Rd6 23.Ke2 Rc5 24.Ne3 c3 25.Rxd6 Bxd6 26.b4 Rc6 27.Kd3 Kf8 28.f3 Bb8
29.Nd5 h5 30.Ra3  1-0

[Event "e2e4 Basingstoke Int Open"]
[Site "Basingstoke ENG"]
[Date "2012.10.27"]
[Round "1.9"]
[White "Roberson,P"]
[Black "Pleasants,A"]
[Result "1-0"]
[WhiteElo "2357"]
[BlackElo "2103"]

1.e4 d6 2.d4 Nf6 3.Nc3 e5 4.Nge2 Nbd7 5.g3 Be7 6.Bg2 O-O 7.O-O c6 8.a4 Re8
9.h3 Bf8 10.g4 exd4 11.Nxd4 Nc5 12.Re1 g6 13.Bf4 Bg7 14.Qd2 Be6 15.Rad1 Qd7
16.Nxe6 Nxe6 17.Bxd6 h5 18.e5 Nh7 19.Ne4 hxg4 20.hxg4 g5 21.Ng3 Nf4 22.Nf5 Rad8
23.Bf3 Qe6 24.Qb4 Rd7 25.Re3 Nf8 26.b3 Nh7 27.Rde1 Bf8 28.Nd4 Qh6 29.Nf5 Qh3
30.Qc4 Re6 31.Bxf8 Nxf8 32.Be4 Qxg4+ 33.Rg3 Qh5 34.Bf3 Qg6 35.Nd4 Re8 36.Be4 Qh5
37.Nf3 N8e6 38.Bf5 Red8 39.Nxg5 Nxg5 40.Qxf4 Rd1 41.Qc4  1-0

[Event "38th Guernsey Open"]
[Site "Guernsey GCI"]
[Date "2012.10.27"]
[Round "7"]
[White "Hickman,J"]
[Black "Rowe,P"]
[Result "1-0"]
[WhiteElo "1918"]
[BlackElo "1986"]

1.e4 d6 2.d4 Nf6 3.Nc3 Nbd7 4.Nf3 e5 5.Bc4 Be7 6.O-O O-O 7.a4 a5 8.Qe2 c6
9.h3 exd4 10.Nxd4 Nxe4 11.Qxe4 d5 12.Nxd5 cxd5 13.Qxd5 Nb6 14.Qb5 Qxd4 15.Bxf7+ Rxf7
16.Be3 Bd7 17.Bxd4 Bxb5 18.axb5 Nd7 19.Rfd1 Bf6 20.Bxf6 Nxf6 21.Ra4 Rc7 22.c4 Rac8
23.b3 Ra8 24.Rc1 Nd7 25.b4 b6 26.c5 bxc5 27.bxa5 Rb7 28.Rb1 Nb6 29.Raa1 Rba7
30.a6 c4 31.Rd1 Rd7 32.Rxd7 Nxd7 33.Rd1 Nb6 34.Rd6 Rc8 35.Rxb6 c3 36.a7 c2
37.Rc6  1-0

[Event "16th Unive Open"]
[Site "Hoogeveen NED"]
[Date "2012.10.27"]
[Round "9"]
[White "Kasparova,T"]
[Black "Stavast,D"]
[Result "0-1"]
[WhiteElo "2126"]
[BlackElo "2125"]

1.e4 d6 2.d4 Nf6 3.Nc3 e5 4.dxe5 dxe5 5.Qxd8+ Kxd8 6.Bg5 c6 7.O-O-O+ Kc7
8.f4 Bc5 9.fxe5 Ng4 10.Bf4 Be6 11.Nh3 Nd7 12.Be2 Be3+ 13.Bxe3 Nxe3 14.Rd3 Nxg2
15.Ng5 Nf4 16.Rg3 Nxe5 17.b3 f6 18.Nxe6+ Nxe6 19.Nd1 Rad8 20.Ne3 Rd7 21.Ng4 Nf4
22.Re1 Re8 23.Nf2 Rd4 24.Bd1 g5 25.Rh1 h5 26.h4 g4 27.Nd3 Nexd3+ 28.cxd3 Red8
29.Rf1 Nxd3+ 30.Kb1 Rxe4 31.Bc2 Re1+ 32.Rxe1 Nxe1 33.Bg6 Rd5 34.Kc1 Nf3 35.Be4 Rc5+  0-1

[Event "16th Unive Open"]
[Site "Hoogeveen NED"]
[Date "2012.10.27"]
[Round "9"]
[White "Schoorl,R"]
[Black "Valdes,Le"]
[Result "1/2-1/2"]
[WhiteElo "2363"]
[BlackElo "2414"]

1.e4 d6 2.d4 Nf6 3.Nc3 e5 4.Nge2 Nc6 5.f3 Be7 6.Be3 O-O 7.d5 Nb8 8.Qd2 c6
9.O-O-O Na6 10.Kb1 Nc7 11.g4 cxd5 12.exd5 b5 13.g5 Nh5 14.a3 Bd7 15.Ng3 Nf4
16.h4 a5 17.Bxf4 exf4 18.Qxf4 f5 19.Qd4 Rb8 20.Na2 Rf7 21.f4 Bf8 22.h5 Na6
23.c3 Nc5 24.Bd3 b4 25.cxb4 Nb3 26.Qc3 Rc8 27.Bc4 Bb5 28.Bxb5 Rxc3 29.Nxc3 axb4
30.axb4 Qb6 31.Nge2 Re7 32.Kc2 Rxe2+ 33.Bxe2 Qxb4 34.Bd3 g6 35.h6 Nc5 36.Rhf1 Be7
37.Rf3 Bd8 38.Re1 Kf7 39.Bb5 Ne4 40.Rfe3 Qc5 41.Rxe4 fxe4 42.Rxe4 Ba5 43.Be8+ Kf8
44.Bc6 Kf7 45.Kb3 Bxc3 46.bxc3 Qg1 47.Rb4 Qd1+ 48.Kc4 Qf1+ 49.Kb3 Qd1+ 50.Kc4  1/2-1/2

[Event "13th Liberec Open 2012"]
[Site "Liberec CZE"]
[Date "2012.10.27"]
[Round "9"]
[White "Karlik,V"]
[Black "Pribyl,Jo"]
[Result "1/2-1/2"]
[WhiteElo "2306"]
[BlackElo "2314"]

1.e4 d6 2.d4 Nf6 3.Nc3 e5 4.dxe5 dxe5 5.Qxd8+ Kxd8 6.Bg5 Be6 7.O-O-O+ Ke8
8.Nf3 Bd6 9.Nb5 Ke7 10.Nd2 Nc6 11.Nc4 Rhd8 12.Ncxd6 cxd6 13.Nc7 Rac8 14.Nd5+ Bxd5
15.exd5 Nb4 16.c3 Rc5 17.a3 Nxd5 18.b4 Rxc3+ 19.Kb2 Rdc8 20.Rxd5 Rc2+ 21.Kb1 h6
22.Bxf6+ gxf6 23.Rc5 R8xc5  1/2-1/2

[Event "TCh-FIN SM 2012-13"]
[Site "Salo FIN"]
[Date "2012.10.27"]
[Round "4.7"]
[White "Pulkkinen,K"]
[Black "Hynninen,J"]
[Result "0-1"]
[WhiteElo "2260"]
[BlackElo "2194"]

1.e4 d6 2.d4 Nf6 3.Nc3 e5 4.Nf3 Nbd7 5.Bc4 Be7 6.O-O O-O 7.a4 c6 8.Ba2 a5
9.Re1 exd4 10.Nxd4 Nc5 11.Qf3 Qb6 12.Nf5 Bxf5 13.Qxf5 Qb4 14.Re3 g6 15.Qf3 Nfd7
16.Re2 Ne5 17.Qg3 Bf6 18.f4 Nc4 19.e5 Bg7 20.Kh1 dxe5 21.f5 e4 22.fxg6 hxg6
23.h4 Rae8 24.Nd1 e3 25.c3 Ne4 26.Qe1 Qc5 27.Nxe3 Nxe3 28.Rxe3 Nd6 29.Qd1 Nf5
30.Rxe8 Rxe8 31.Bg5 Qf2 32.Qd7 Rf8 33.Qd2 Ng3+ 34.Kh2 Nf1+ 35.Rxf1 Be5+ 36.Bf4 Qxd2
37.Bxe5 Qxb2 38.Bc4 b5 39.axb5 cxb5 40.Bd3 Re8  0-1